Pôda - voda - záplavy /

Gespeichert in:
Bibliographische Detailangaben
1. Verfasser: Vilček, Jozef (VerfasserIn)
Format: Buch
Sprache:Slowakisch
Veröffentlicht: Bratislava : Výskumný ústav pôdoznalectva a ochrany pôdy, 2010
Ausgabe:[1. vyd.]
Schlagworte:
ISBN:9788089128761
Online-Zugang: Volltext
Tags: Tag hinzufügen
Keine Tags, Fügen Sie den ersten Tag hinzu!

MARC

LEADER 00000nam a2200000 4500
003 SK-BrCVT
005 20220621163547.0
008 100813s2010 xo e ||||||slo d
020 |a 9788089128761 
035 |a CVTIDW0001807 
040 |b slo  |a CVTI SR  |e AACR2 
041 0 |a slo 
044 |a xo 
080 |a 631.4  |2 UDC-MRF 
080 |a 502.521  |2 UDC-MRF 
080 |a 556.166  |2 UDC-MRF 
100 1 |a Vilček, Jozef  |4 aut 
245 1 0 |a Pôda - voda - záplavy /  |c autori: Jozef Vilček ... [et al.] 
250 |a [1. vyd.] 
260 |a Bratislava :  |b Výskumný ústav pôdoznalectva a ochrany pôdy,  |c 2010 
300 |a 21 s. :  |b fotogr. ; 
653 1 |a zaplavená pôda 
653 1 |a ochrana pôdy 
653 1 |a povodeň 
655 4 |a informačný materiál 
910 |b A611381 
919 |a 978-80-89128-76-1 
959 |a 41 
974 |a Jelinkova  |f Knihy 
992 |a AIM 
999 |c 157760  |d 157760